| 000 | 00493nam a2200181Ia 4500 | ||
|---|---|---|---|
| 005 | 20250326140223.0 | ||
| 008 | 250326s9999 xx 000 0 und d | ||
| 037 | _aTextbook | ||
| 040 |
_aFMSL _beng _cFMSL |
||
| 041 |
_aeng _2eng |
||
| 084 |
_aX:513 K8 _qFMSL |
||
| 100 |
_aBabban A M _9741829 |
||
| 245 | 0 |
_aReadings in advertising and promotion Strategy _cBabban A M; Sandage C H |
|
| 260 | _c1968 | ||
| 300 | _a301p | ||
| 942 |
_cTB _hX:513 K8 |
||
| 999 |
_c1284801 _d1284801 |
||